Мое письмо к Миру (Запись № 4392110)

Подробности
000 -МАРКЕР
контрольное поле 01847nam0a2200361 i 4500
001 - ИДЕНТИФИКАТОР ЗАПИСИ
контрольное поле RU\NLR\bibl\2015045
005 - ИДЕНТИФИКАТОР ВЕРСИИ
контрольное поле 20260406042705.0
010 ## - МЕЖДУНАРОДНЫЙ СТАНДАРТНЫЙ НОМЕР КНИГИ (ISBN)
Номер (ISBN) 9785868895791
Тираж 100
021 ## - НОМЕР ГОСУДАРСТВЕННОЙ РЕГИСТРАЦИИ
Код страны российская федерация
Номер 2013-14894
Номер Листа государственной регистраци 1055
035 ## - ДРУГИЕ СИСТЕМНЫЕ НОМЕРА
Идентификатор записи (NLR Aleph) 002003462
100 ## - ДАННЫЕ ОБЩЕЙ ОБРАБОТКИ
Данные общей обработки 20130322d2012 u y0rusy50 ca
101 1# - ЯЗЫК РЕСУРСА
Язык текста, звукозаписи и т.д. русский
Язык оригинала английский
102 ## - СТРАНА ПУБЛИКАЦИИ ИЛИ ПРОИЗВОДСТВА
Страна публикации российская федерация
105 ## - ПОЛЕ КОДИРОВАННЫХ ДАННЫХ: ТЕКСТОВЫЕ МАТЕРИАЛЫ, МОНОГРАФИЧЕСКИЕ
Кодированные данные о монографическом текстовом документе y |||||||||
200 1# - ЗАГЛАВИЕ И СВЕДЕНИЯ ОБ ОТВЕТСТВЕННОСТИ
Основное заглавие Мое письмо к Миру
Параллельное заглавие My letter to the World
Сведения, относящиеся к заглавию [1743 стихотворения]
Первые сведения об ответственности Эмили Дикинсон
Последующие сведения об ответственности [пер. с англ.: Т.Ю. Полежака]
Язык параллельного заглавия английский
210 ## - ПУБЛИКАЦИЯ, РАСПРОСТРАНЕНИЕ И ДР.
Место издания, распространения и т.д. Томск
Имя издателя, распространителя и т. д. Изд-во Томского государственного университета систем управления и радиоэлектроники
Дата издания, распространения и т.д. 2012
215 ## - ФИЗИЧЕСКАЯ ХАРАКТЕРИСТИКА
Специфическое обозначение материала и объем 254, [1] с.
Размеры 17
300 ## - ОБЩИЕ ПРИМЕЧАНИЯ
Текст примечания Авт. также на англ. яз.: Emily Elizabeth Dickinson
300 ## - ОБЩИЕ ПРИМЕЧАНИЯ
Текст примечания На обл. и в вып. дан. авт.: Эмили Элизабет Дикинсон
300 ## - ОБЩИЕ ПРИМЕЧАНИЯ
Текст примечания На обороте тит. л. в аннот. авт.: "Белая затворница" или "Амхерстская монахиня" - таинственная поэтесса Э. Дикинсон
300 ## - ОБЩИЕ ПРИМЕЧАНИЯ
Текст примечания Текст парал. на рус. и англ. яз.
320 ## - ПРИМЕЧАНИЯ О НАЛИЧИИ В ДОКУМЕНТЕ БИБЛИОГРАФИИ / УКАЗАТЕЛЯ
Текст примечания Др. работы переводчика в конце кн.
510 1# - ПАРАЛЛЕЛЬНОЕ ЗАГЛАВИЕ
Связь между полями z55790
Параллельное заглавие My letter to the World
Язык заглавия английский
686 ## - ИНДЕКСЫ ДРУГИХ КЛАССИФИКАЦИЙ
Индекс Ш6(7США)57-5я44{Лх1977-175}
700 #1 - ИМЯ ЛИЦА - ПЕРВИЧНАЯ ОТВЕТСТВЕННОСТЬ
Код отношения Автор
Материалы, к которым относится поле rus
Графика поля Кириллица
Начальный элемент ввода Дикинсон
Часть имени, кроме начального элемента ввода Э.
Даты 1830-1886
Расширение инициалов личного имени Эмили
Идентификатор авторитетной/нормативной записи RU\NLR\auth\772879
Системный номер авторитетной/нормативной записи 112886
702 #1 - ИМЯ ЛИЦА - ВТОРИЧНАЯ ОТВЕТСТВЕННОСТЬ
Начальный элемент ввода Полежака
Часть имени, кроме начального элемента ввода Т. Ю.
Расширение инициалов личного имени Татьяна Юрьевна
Код отношения Переводчик
790 #1 - ИМЯ ЛИЦА - АЛЬТЕРНАТИВНАЯ ФОРМА
Код отношения Автор
Материалы, к которым относится поле eng
Графика поля Латинская
Начальный элемент ввода Dickinson
Часть имени, кроме начального элемента ввода E.
Даты 1830-1886
Расширение инициалов личного имени Emily
Идентификатор авторитетной/нормативной записи RU\NLR\auth\772880
Системный номер авторитетной/нормативной записи 112887
801 #0 - ИСТОЧНИК ЗАПИСИ
Страна российская федерация
Организация NLR
Дата составления 20130322
Правила каталогизации RCR
801 #1 - ИСТОЧНИК ЗАПИСИ
Страна российская федерация
Организация NLR
Дата составления 20130322
942 ## - ДОПОЛНИТЕЛЬНЫЕ ЭЛЕМЕНТЫ ЗАПИСИ (АБИС)
Тип экземпляра АБИС Книга
980 ## - КОЛЛЕКЦИЯ
Название коллекции НБР

Нет доступных экземпляров.